<?xml version="1.0" encoding="UTF-8"?>
<record
    xmlns:xsi="http://www.w3.org/2001/XMLSchema-instance"
    xsi:schemaLocation="http://www.loc.gov/MARC21/slim http://www.loc.gov/standards/marcxml/schema/MARC21slim.xsd"
    xmlns="http://www.loc.gov/MARC21/slim">

  <leader>02566nam a2200217Ia 4500</leader>
  <controlfield tag="003">OSt</controlfield>
  <controlfield tag="005">20241109105302.0</controlfield>
  <controlfield tag="008">210210b2003   xxu||||| |||| 00| 0 eng d</controlfield>
  <datafield tag="040" ind1=" " ind2=" ">
    <subfield code="c">AL</subfield>
  </datafield>
  <datafield tag="041" ind1=" " ind2=" ">
    <subfield code="a">Kannada</subfield>
  </datafield>
  <datafield tag="082" ind1=" " ind2=" ">
    <subfield code="a">K894.8 SAMA</subfield>
  </datafield>
  <datafield tag="100" ind1=" " ind2=" ">
    <subfield code="a">Srinivasa Havanuru &amp; Others</subfield>
    <subfield code="9">151157</subfield>
    <subfield code="d">&#xCB6;&#xCCD;&#xCB0;&#xCC0;&#xCA8;&#xCBF;&#xCB5;&#xCBE;&#xCB8; &#xCB9;&#xCBE;&#xCB5;&#xCA8;&#xCC2;&#xCB0;&#xCC1; </subfield>
  </datafield>
  <datafield tag="245" ind1=" " ind2=" ">
    <subfield code="a">Samagra dasa sahitya: samputa; 24, Shri Varahatimmappa hagu ithara dakshina kannadadavara kirtanegalu.</subfield>
    <subfield code="b">&#xCB8;&#xCAE;&#xC97;&#xCCD;&#xCB0; &#xCA6;&#xCBE;&#xCB8; &#xCB8;&#xCBE;&#xCB9;&#xCBF;&#xCA4;&#xCCD;&#xCAF; : &#xCB8;&#xC82;&#xCAA;&#xCC1;&#xC9F; &#xCE8;&#xCEA;,&#xCB6;&#xCCD;&#xCB0;&#xCC0; &#xCB5;&#xCB0;&#xCB9;&#xCBE;&#xCA4;&#xCBF;&#xCAE;&#xCCD;&#xCAE;&#xCAA;&#xCCD;&#xCAA; &#xCB9;&#xCBE;&#xC97;&#xCC1; &#xC87;&#xCA4;&#xCB0; &#xCA6;&#xC95;&#xCCD;&#xCB7;&#xCBF;&#xCA3; &#xC95;&#xCA8;&#xCCD;&#xCA8;&#xCA1;&#xCA6;&#xCB5;&#xCB0; &#xC95;&#xCC0;&#xCB0;&#xCCD;&#xCA4;&#xCA8;&#xCC6;&#xC97;&#xCB3;&#xCC1; </subfield>
  </datafield>
  <datafield tag="260" ind1=" " ind2=" ">
    <subfield code="a">Bengaluru</subfield>
    <subfield code="b">Kannada mattu Samskrati Nirdeshanalalya</subfield>
    <subfield code="c">2003</subfield>
  </datafield>
  <datafield tag="300" ind1=" " ind2=" ">
    <subfield code="a">83,472</subfield>
  </datafield>
  <datafield tag="520" ind1=" " ind2=" ">
    <subfield code="a">&#x2018;&#xCB8;&#xCAE;&#xC97;&#xCCD;&#xCB0; &#xCA6;&#xCBE;&#xCB8; &#xCB8;&#xCBE;&#xCB9;&#xCBF;&#xCA4;&#xCCD;&#xCAF; &#xCB8;&#xC82;&#xCAA;&#xCC1;&#xC9F;-24&#x2019; &#xC95;&#xCA8;&#xCCD;&#xCA8;&#xCA1; &#xCAE;&#xCA4;&#xCCD;&#xCA4;&#xCC1; &#xCB8;&#xC82;&#xCB8;&#xCCD;&#xC95;&#xCC3;&#xCA4;&#xCBF; &#xCA8;&#xCBF;&#xCB0;&#xCCD;&#xCA6;&#xCC7;&#xCB6;&#xCA8;&#xCBE;&#xCB2;&#xCAF;&#xCA6; &#xCA6;&#xCBE;&#xCB8; &#xCB8;&#xCBE;&#xCB9;&#xCBF;&#xCA4;&#xCCD;&#xCAF; &#xCAE;&#xCBE;&#xCB2;&#xCBF;&#xC95;&#xCC6;&#xCAF;&#xCB2;&#xCCD;&#xCB2;&#xCBF; &#xCAA;&#xCCD;&#xCB0;&#xC95;&#xC9F;&#xCB5;&#xCBE;&#xCA6; &#xC95;&#xCC3;&#xCA4;&#xCBF;. &#xC88; &#xC95;&#xCC3;&#xCA4;&#xCBF;&#xCAF;&#xCA8;&#xCCD;&#xCA8;&#xCC1; &#xCA6;&#xCBF;.&#xCAA;&#xCCD;&#xCB0;&#xCCA;.&#xC8E;&#xC82;. &#xCB0;&#xCBE;&#xC9C;&#xC97;&#xCCB;&#xCAA;&#xCBE;&#xCB2;&#xCBE;&#xC9A;&#xCBE;&#xCB0;&#xCCD;&#xCAF; &#xCB9;&#xCBE;&#xC97;&#xCC2; &#xCB2;&#xCC7;&#xC96;&#xC95; &#xCA1;&#xCBE;.&#xCB6;&#xCCD;&#xCB0;&#xCC0;&#xCA8;&#xCBF;&#xCB5;&#xCBE;&#xCB8; &#xCB9;&#xCBE;&#xCB5;&#xCA8;&#xCC2;&#xCB0; &#xC85;&#xCB5;&#xCB0;&#xCC1; &#xCB8;&#xC82;&#xCAA;&#xCBE;&#xCA6;&#xCBF;&#xCB8;&#xCBF;&#xCA6;&#xCCD;&#xCA6;&#xCBE;&#xCB0;&#xCC6;. &#xC87;&#xCB2;&#xCCD;&#xCB2;&#xCBF; &#xCAE;&#xCC1;&#xCA8;&#xCCD;&#xCA8;&#xCC1;&#xCA1;&#xCBF;, &#xC8E;&#xCB0;&#xCA1;&#xCC1; &#xCAE;&#xCBE;&#xCA4;&#xCC1;, &#xCAF;&#xCCB;&#xC9C;&#xCA8;&#xCC6;&#xCAF;&#xCA8;&#xCCD;&#xCA8;&#xCC1; &#xC95;&#xCC1;&#xCB0;&#xCBF;&#xCA4;&#xCC1;, &#xCAA;&#xCCD;&#xCB0;&#xC95;&#xCBE;&#xCB6;&#xC95;&#xCB0; &#xCAE;&#xCBE;&#xCA4;&#xCC1;, &#xCB8;&#xC82;&#xCAA;&#xCBE;&#xCA6;&#xC95; &#xCAE;&#xC82;&#xCA1;&#xCB3;&#xCBF;&#xCAF; &#xCA8;&#xCC1;&#xCA1;&#xCBF;, &#xCAA;&#xCCD;&#xCB0;&#xCB8;&#xCCD;&#xCA4;&#xCBE;&#xCB5;&#xCA8;&#xCC6;, &#xC95;&#xCC0;&#xCB0;&#xCCD;&#xCA4;&#xCA8;&#xCC6;&#xC97;&#xCB3; &#xC95;&#xCCD;&#xCB0;&#xCAE;&#xCB8;&#xCC2;&#xC9A;&#xCBF;, &#xC95;&#xCC0;&#xCB0;&#xCCD;&#xCA4;&#xCA8;&#xCC6;&#xC97;&#xCB3;&#xCC1;- &#xCB6;&#xCCD;&#xCB0;&#xCC0; &#xCB5;&#xCBF;&#xCB6;&#xCCD;&#xCB5;&#xCC7;&#xC82;&#xCA6;&#xCCD;&#xCB0;&#xCA4;&#xCC0;&#xCB0;&#xCCD;&#xCA5;&#xCB0; &#xC95;&#xCC0;&#xCB0;&#xCCD;&#xCA4;&#xCA8;&#xCC6;&#xC97;&#xCB3;&#xCC1;, &#xCB6;&#xCCD;&#xCB0;&#xCC0;&#xCB5;&#xCB0;&#xCBE;&#xCB9;&#xCA4;&#xCBF;&#xCAE;&#xCCD;&#xCAE;&#xCAA;&#xCCD;&#xCAA; &#xC85;&#xCB5;&#xCB0; &#xCB0;&#xC9A;&#xCA8;&#xCC6;&#xC97;&#xCB3;&#xCC1;, &#xCB6;&#xCCD;&#xCB0;&#xCC0;&#xCB8;&#xCA6;&#xCBE;&#xCA8;&#xC82;&#xCA6;&#xCB0; &#xC95;&#xCC0;&#xCB0;&#xCCD;&#xCA4;&#xCA8;&#xCC6;&#xC97;&#xCB3;&#xCC1;, &#xCB6;&#xCCD;&#xCB0;&#xCC0; &#xCAC;&#xCC6;&#xCB3;&#xCCD;&#xCB3;&#xCC6; &#xCA6;&#xCBE;&#xCB8;&#xCAA;&#xCCD;&#xCAA;&#xCAF;&#xCCD;&#xCAF;&#xCB0; &#xCAA;&#xCA6;&#xC97;&#xCB3;&#xCC1;, &#xCB6;&#xCCD;&#xCB0;&#xCC0;&#xC97;&#xCCB;&#xCB5;&#xCBF;&#xC82;&#xCA6;&#xCA6;&#xCBE;&#xCB8;&#xCB0; &#xC95;&#xCC3;&#xCA4;&#xCBF;&#xC97;&#xCB3;&#xCC1;, &#xC85;&#xCA8;&#xCCD;&#xCAF; &#xCA6;&#xCBE;&#xCB8;&#xCB0; &#xCAC;&#xCBF;&#xCA1;&#xCBF; &#xCB0;&#xC9A;&#xCA8;&#xCC6;&#xC97;&#xCB3;&#xCC1; &#xCB8;&#xC82;&#xC95;&#xCB2;&#xCA8;&#xC97;&#xCCA;&#xC82;&#xCA1;&#xCBF;&#xCA6;&#xCCD;&#xCA6;&#xCC1;, &#xC85;&#xCA8;&#xCC1;&#xCAC;&#xC82;&#xCA7;&#xCA6;&#xCB2;&#xCCD;&#xCB2;&#xCBF; &#xC95;&#xCA0;&#xCBF;&#xCA3; &#xCB6;&#xCAC;&#xCCD;&#xCA6;&#xC97;&#xCB3; &#xC85;&#xCB0;&#xCCD;&#xCA5;, &#xC9F;&#xCBF;&#xCAA;&#xCCD;&#xCAA;&#xCA3;&#xCBF;&#xC97;&#xCB3;&#xCC1;, &#xC85;&#xC82;&#xC95;&#xCBF;&#xCA4;&#xCA8;&#xCBE;&#xCAE; &#xCB8;&#xCC2;&#xC9A;&#xCBF;, &#xCB5;&#xCBF;&#xCB6;&#xCBF;&#xCB7;&#xCCD;&#xC9F; &#xCAA;&#xCA6; &#xCB8;&#xCC2;&#xC9A;&#xCBF;, &#xCB9;&#xCBE;&#xC97;&#xCC2; &#xC95;&#xCC0;&#xCB0;&#xCCD;&#xCA4;&#xCA8;&#xCC6;&#xC97;&#xCB3; &#xC86;&#xC95;&#xCBE;&#xCB0;&#xCBE;&#xCA6;&#xCBF; &#xCB8;&#xCC2;&#xC9A;&#xCBF; &#xCB8;&#xC82;&#xC95;&#xCB2;&#xCA8;&#xCB5;&#xCBE;&#xC97;&#xCBF;&#xCB5;&#xCC6;.</subfield>
  </datafield>
  <datafield tag="650" ind1=" " ind2=" ">
    <subfield code="a">South Kanara /South Canara</subfield>
    <subfield code="9">151158</subfield>
  </datafield>
  <datafield tag="690" ind1=" " ind2=" ">
    <subfield code="a">Kannada Miscellaneous</subfield>
    <subfield code="9">151159</subfield>
  </datafield>
  <datafield tag="906" ind1=" " ind2=" ">
    <subfield code="a">059399</subfield>
  </datafield>
  <datafield tag="942" ind1=" " ind2=" ">
    <subfield code="2">ddc</subfield>
    <subfield code="c">BK</subfield>
  </datafield>
  <datafield tag="999" ind1=" " ind2=" ">
    <subfield code="c">106326</subfield>
    <subfield code="d">106326</subfield>
  </datafield>
  <datafield tag="952" ind1=" " ind2=" ">
    <subfield code="0">0</subfield>
    <subfield code="1">0</subfield>
    <subfield code="2">ddc</subfield>
    <subfield code="4">0</subfield>
    <subfield code="7">4</subfield>
    <subfield code="a">AL</subfield>
    <subfield code="b">AL</subfield>
    <subfield code="d">2021-02-17</subfield>
    <subfield code="e">Kannada mattu samskrati nirdeshanalaya, Bengaluru</subfield>
    <subfield code="g">60.00</subfield>
    <subfield code="l">0</subfield>
    <subfield code="o">K894.8 SAMA</subfield>
    <subfield code="p">059399</subfield>
    <subfield code="r">2021-02-17 00:00:00</subfield>
    <subfield code="w">2021-02-17</subfield>
    <subfield code="y">BK</subfield>
  </datafield>
</record>
